000 00572nam a2200217Ia 4500
003 OSt
005 20220918192958.0
006 a|||||r|||| 00| 0
007 ta
008 220917b |||||||| |||| 00| 0 eng d
024 _a71,370
037 _cTextual
040 _aARTS
_cARTS
_beng
041 _2eng
_aeng
082 _aR3xM872:5, J1
100 _aMsrcel G
_980786
245 0 _aHomo viator
_b introduction to a metaphysic of hope tr by Emma Craufurd
260 _c1951
942 _hR3xM872:5, J1
_cTEXL
_2CC
999 _c197443
_d197443